000 01592cam a2200409 4500
001 ABS66067
008 021028n2002 000 0 eng u
035 _a(Sirsi) u120278
100 _aMills, S
245 _aLandlord and tenant update
260 _c2002
490 _aSolicitors' Journal
_v146(36) 27 September 2002, 859-860(2)
520 _aProvides an update of recent landlord and tenant case law covering the following areas: Landlord and Tenant Act 1954; business tenancies; service of notices; construction of covenants; nuisance; possession orders; and managers appointed by the Leasehold Valuation Tribunal (LVT). Case law.
590 _aABS
650 _aBUSINESS TENANCIES
650 _aLANDLORD AND TENANT ACT 1954
650 _aPOSSESSION ORDERS
650 _aPUMPERNINKS OF PICCADILLY LTD V LAND SECURITIES PLC AND OTHERS
650 _aJ MURPHY AND SONS LTD V RAILTRACK PLC
650 _aJEFFERIES V O'NEIL
650 _aBRITISH AIRWAYS PLC V HEATHROW AIRPORT LTD
650 _aMOUNT EDEN LAND LTD V TOWERSTONE LTD
650 _aTOMKINS V BASILDON DC
650 _aBLUNDEN V FROGMORE INVESTMENTS
650 _aYEOMANS ROW MANAGEMENT LTD V BODENTIEN-MEYRICK
650 _aSOUTHWARK LBC V MILLS
650 _aSTANNARD V CHARLES PITCHER LTD AND OTHERS
650 _aDUNN V BRADFORD MDC
650 _aROGERS V LAMBETH LBC
650 _aMAUNDER TAYLOR V BLAQUIRE
650 _aNUISANCE
650 _aLEASEHOLD VALUATION TRIBUNAL
650 _aSERVING NOTICES
650 _aCOVENANTS
690 _aLandlord and tenant
_96252
942 _n0
999 _c71462
_d71462